All landlocked Countries - Statistics

General Stats
  • This quiz has been taken 98 times
  • The average score is 41 of 45
Answer Stats
Answer % Correct
Andorra
98%
Bolivia
98%
Mongolia
97%
Bhutan
94%
Chad
94%
Tajikistan
94%
Austria
93%
Kosovo
93%
Laos
93%
Lesotho
93%
Serbia
93%
Turkmenistan
93%
Paraguay
92%
South Sudan
92%
Switzerland
92%
Uzbekistan
92%
Zambia
92%
Niger
91%
Rwanda
91%
Uganda
91%
Afghanistan
90%
Armenia
90%
Botswana
90%
Central African Republic
90%
Nepal
90%
San Marino
90%
Slovakia
90%
Swaziland
90%
Hungary
89%
Macedonia
89%
Mali
89%
Vatican City
89%
Kazakhstan
88%
Burundi
87%
Liechtenstein
87%
Luxembourg
87%
Zimbabwe
87%
Belarus
86%
Kyrgyzstan
86%
Azerbaijan
84%
Burkina Faso
84%
Czech Republic
84%
Malawi
83%
Ethiopia
82%
Moldova
82%
No matching quizzes found
Score Distribution
Percent of People with Each Score
Percentile by Number Answered
Your Score History
You have not taken this quiz